Govt. of
Madhya Pradesh

विश्‍व ज्ञान कोश (Record no. 63526)

MARC details
000 -LEADER
fixed length control field 00382nam a22000977a 4500
100 ## - MAIN ENTRY--AUTHOR NAME
Personal name चन्‍द्र,रमेश
245 ## - TITLE STATEMENT
Title विश्‍व ज्ञान कोश
260 ## - PUBLICATION, DISTRIBUTION, ETC. (IMPRINT)
Place of publication दिल्‍ली
Name of publisher आर्यावर्त संस्‍कृति संस्‍थान
Year of publication 2018
650 ## - SUBJECT ADDED ENTRY--TOPICAL TERM
Topical Term सामान्‍य ज्ञान
942 ## - ADDED ENTRY ELEMENTS (KOHA)
Koha item type Hindi Books

No items available.